| 000 | 01294nam a2200337 a 4500 | ||
|---|---|---|---|
| 001 | 000108851 | ||
| 003 | CHAP | ||
| 005 | 20250926062752.0 | ||
| 008 | 140317s2013 mx | |sm |||||||spa|d | ||
| 010 | _a105313 | ||
| 011 | _a106285 | ||
| 040 | _cCHAP | ||
| 090 | _aTesis | ||
| 100 | 1 |
_aJijón Gatica, Jacinto _9125905 |
|
| 245 | 1 | 0 |
_aEvaluación de componentes de rendimiento de genotipos del genero lolium en Chapingo, Méx. _h[En línea] _cpor Jacinto Jijón Gatica y Josue Nahum Mora Montiel. |
| 260 |
_aChapingo, Méx. : _bEl autor, _c2013. |
||
| 500 | _aPara ver el contenido del material haga clic en la liga | ||
| 502 | _aTesis (Ing. Agr. Esp. en Zootecnia) -- UACH. Departamento de Enseñanza, Investigación y Servicio en Zootecnia | ||
| 590 |
_aBATCH-UPD _b05 _c20140324 _lUCH01 _h1536 |
||
| 590 |
_aBATCH-UPD _b05 _c20141002 _lUCH01 _h0858 |
||
| 590 |
_aE792CSJ _b05 _c20140317 _lUCH01 _h0916 |
||
| 590 |
_aE792CSJ _b05 _c20140317 _lUCH01 _h0917 |
||
| 650 | 1 | 4 |
_aLolium multiflorum. _967504 |
| 650 | 1 | 4 |
_aPastos forrajeros _xGermoplasma. _986106 |
| 650 | 1 | 7 |
_aPastos forrajeros _xRendimiento _2 _986118 |
| 700 | 1 |
_aMora Montiel, Josue Nahum _9125906 |
|
| 856 |
_aFinding aid _uhttp://10.13.5.2/tesis/sist108851.pdf _zTeclea aquí |
||
| 901 | _aBK | ||
| 942 | _cTESIS | ||
| 942 | _n0 | ||
| 999 |
_c105313 _d105313 |
||